|
|
|
|
| LEADER |
00000ntm a22000007u 4500 |
| 001 |
zp4165 |
| 041 |
|
|
|a eng
|
| 100 |
1 |
|
|a Špico, Jaromír
|4 dis
|
| 245 |
1 |
0 |
|a Form of electronic marketing and its influence on competitiveness in Intense capital, LLC
|
| 246 |
|
|
|a Form of electronic marketing and its influence on competitiveness in Intense capital, LLC
|
| 260 |
|
|
|c 2006
|
| 300 |
|
|
|a 69 s., 14 s. obr. příloh.
|
| 500 |
|
|
|a Studijní obor: Management a ekonomika
|
| 500 |
|
|
|a Studijní obor: Management and economics
|
| 500 |
|
|
|a Ústav: Ústav managementu
|
| 500 |
|
|
|a Univerzita Tomáše Bati ve Zlíně. Fakulta managementu a ekonomiky
|
| 500 |
|
|
|a Tomas Bata University in Zlín. Faculty of Management and Economics
|
| 506 |
|
|
|a Pouze v rámci univerzity
|
| 653 |
|
|
|a elektronický marketing
|
| 653 |
|
|
|a Internet
|
| 653 |
|
|
|a konkurencieschopnosť
|
| 653 |
|
|
|a celosvetová sieť
|
| 653 |
|
|
|a marketingový mix
|
| 653 |
|
|
|a reklama
|
| 653 |
|
|
|a elektronická komercia
|
| 653 |
|
|
|a elektronické podnikanie
|
| 653 |
|
|
|a electronic marketing
|
| 653 |
|
|
|a Internet
|
| 653 |
|
|
|a competitiveness
|
| 653 |
|
|
|a World-Wide Web
|
| 653 |
|
|
|a marketing mix
|
| 653 |
|
|
|a advertisement
|
| 653 |
|
|
|a e-commerce
|
| 653 |
|
|
|a e-business
|
| 655 |
|
4 |
|a bakalářská práce
|
| 700 |
1 |
|
|a Pilík, Michal
|4 ths
|
| 710 |
2 |
|
|a Univerzita Tomáše Bati ve Zlíně. Fakulta managementu a ekonomiky
|4 dgg
|
| 710 |
2 |
|
|a Tomas Bata University in Zlín. Faculty of Management and Economics
|4 dgg
|
| 856 |
4 |
0 |
|u http://hdl.handle.net/10563/2271
|y Plný text v Digitální knihovně UTB
|